[Event "SR 3. liga A2 2006/2007"]
[Site "?"]
[Date "2007.02.11"]
[Round "8"]
[White "Bilovsky, Milan"]
[Black "Liptak, Tomas"]
[Result "0-1"]
[WhiteElo "1970"]
[BlackElo "1880"]
[Annotator "Holíc - Cífer  /5/"]
[PlyCount "72"]
[EventDate "2006.??.??"]

1. c4 Nf6 2. d4 g6 3. Nc3 Bg7 4. e4 d6 5. f4 O-O 6. Nf3 c5 7. d5 e6 8. Be2 exd5
9. exd5 Re8 10. O-O Ng4 11. h3 Ne3 12. Bxe3 Rxe3 13. Qd2 Qe7 14. Kf2 Rxf3+ 15.
Bxf3 Bd4+ 16. Kg3 g5 17. Rae1 gxf4+ 18. Qxf4 Be5 19. Rxe5 dxe5 20. Qh6 Bf5 21.
Ne4 Nd7 22. Ng5 f6 23. d6 Qg7 24. Bd5+ Kf8 25. Rxf5 Qxh6 26. Ne6+ Ke8 27. Nc7+
Kd8 28. Nxa8 Qg6+ 29. Kh2 Qxf5 30. Bxb7 Qf4+ 31. Kh1 e4 32. b3 e3 33. Bf3 Ne5
34. Nc7 Kc8 35. Ne6 Qxf3 36. gxf3 e2 0-1

[Event "SR 3. liga A2 2006/2007"]
[Site "?"]
[Date "2007.02.11"]
[Round "8"]
[White "Vlkovic, Pavol"]
[Black "Harasta, Juraj"]
[Result "1-0"]
[WhiteElo "1924"]
[BlackElo "1723"]
[Annotator "Holíc - Cífer  /6/"]
[PlyCount "65"]
[EventDate "2006.??.??"]

1. e4 e5 2. Nf3 Nc6 3. d4 exd4 4. Bc4 Be7 5. c3 Na5 6. Bxf7+ Kxf7 7. Ne5+ Kf8
8. Qf3+ Nf6 9. cxd4 d6 10. h3 dxe5 11. dxe5 Bb4+ 12. Kf1 Kf7 13. a3 Bd6 14.
exf6 Qxf6 15. Qh5+ g6 16. Qxa5 Qd4 17. Qd5+ Qxd5 18. exd5 Re8 19. Nc3 Bf5 20.
Bd2 Bd3+ 21. Kg1 Be5 22. Rc1 Bc4 23. Be3 a6 24. h4 Rac8 25. h5 Kg7 26. Rh4 Bxc3
27. Rxc4 Bxb2 28. Rxc7+ Rxc7 29. Rxc7+ Kg8 30. d6 Rd8 31. d7 Bf6 32. Bb6 Kf8
33. Rc8 1-0

[Event "SR 3. liga A2 2006/2007"]
[Site "?"]
[Date "2007.02.11"]
[Round "8"]
[White "Brisudova, Veronika"]
[Black "Hrusovsky, Jan"]
[Result "1-0"]
[WhiteElo "1664"]
[BlackElo "1767"]
[Annotator "Holíc - Cífer  /7/"]
[PlyCount "103"]
[EventDate "2006.??.??"]

1. e4 e5 2. f4 d5 3. exd5 Qxd5 4. Nc3 Qe6 5. Nf3 exf4+ 6. Kf2 Bc5+ 7. d4 Bb6 8.
Bb5+ c6 9. Re1 cxb5 10. Rxe6+ Bxe6 11. Nxb5 Nf6 12. Nd6+ Ke7 13. Nxb7 Ne4+ 14.
Kg1 Bd5 15. Nc5 Nxc5 16. dxc5 Bxc5+ 17. Kh1 Rd8 18. Qe2+ Kf8 19. Bxf4 Nd7 20.
c3 Rab8 21. Bxb8 Rxb8 22. Qd3 Nf6 23. b4 Be7 24. h3 Rd8 25. Qe2 Ne4 26. Qc2
Ng3+ 27. Kg1 Be4 28. Qf2 Nf5 29. Re1 Bxf3 30. Qxf3 g6 31. Qb7 Bh4 32. Rf1 Rd3
33. Qc8+ Kg7 34. Qc4 Bf2+ 35. Rxf2 Rd1+ 36. Kh2 h5 37. Rxf5 gxf5 38. Qc5 Kg6
39. Qxa7 f6 40. Qf2 Kg5 41. h4+ Kg6 42. c4 Rb1 43. b5 Rc1 44. b6 Rxc4 45. b7
Rb4 46. Qg3+ Rg4 47. Qxg4+ hxg4 48. b8=Q Kh5 49. Qh8+ Kg6 50. Qf8 f4 51. Qg8+
Kh5 52. Qg7 1-0

[Event "SR 3. liga A2 2006/2007"]
[Site "?"]
[Date "2007.02.11"]
[Round "8"]
[White "Liptak, Dusan"]
[Black "Holiencin, Filip"]
[Result "1/2-1/2"]
[WhiteElo "1708"]
[BlackElo "1635"]
[Annotator "Holíc - Cífer  /8/"]
[PlyCount "67"]
[EventDate "2006.??.??"]

1. d4 Nf6 2. c4 e6 3. Nc3 Bb4 4. Qc2 d5 5. e3 c5 6. Nf3 Nc6 7. Bd2 cxd4 8. exd4
dxc4 9. Bxc4 a6 10. Ne2 Bxd2+ 11. Qxd2 b5 12. Bd3 Bb7 13. O-O O-O 14. Rac1 Qd6
15. Rfd1 Rfd8 16. Bb1 h6 17. Ng3 Ne7 18. Ne5 Nd7 19. Qe2 Nxe5 20. dxe5 Qb6 21.
Ne4 Bxe4 22. Bxe4 Rab8 23. g3 Nd5 24. a3 a5 25. Rc2 b4 26. Rcd2 bxa3 27. bxa3
Nc3 28. Rxd8+ Rxd8 29. Rxd8+ Qxd8 30. Qd3 Qxd3 31. Bxd3 Nd5 32. Kf1 Kf8 33. Ke2
f6 34. exf6 1/2-1/2

[Event "SR 3. liga A2 2006/2007"]
[Site "?"]
[Date "2007.02.11"]
[Round "8"]
[White "Vach, Pavol"]
[Black "Blatnicky, Miroslav"]
[Result "0-1"]
[WhiteElo "2117"]
[BlackElo "2163"]
[Annotator "Senica B - Vrbové  /1/"]
[PlyCount "74"]
[EventDate "2006.??.??"]

1. e4 e6 2. d4 d5 3. exd5 exd5 4. Bd3 Nf6 5. Nf3 Bd6 6. O-O Be6 7. Re1 O-O 8.
Ne5 h6 9. c4 c6 10. c5 Bxe5 11. Rxe5 Nbd7 12. Re1 Re8 13. Bf4 b6 14. b4 a5 15.
b5 Qc8 16. Bd6 bxc5 17. dxc5 cxb5 18. Bxb5 Ne4 19. Rxe4 dxe4 20. Qd4 Rd8 21.
Nc3 Nxc5 22. Qxc5 Rxd6 23. Qxd6 Qxc3 24. Rd1 e3 25. fxe3 Qxe3+ 26. Kh1 Bxa2 27.
Bc6 Rc8 28. h3 Qe6 29. Qa3 Rxc6 30. Rd8+ Kh7 31. Qd3+ Qg6 32. Qf3 Qb1+ 33. Kh2
Rc1 34. Rd3 Rh1+ 35. Kg3 Qe1+ 36. Qf2 Qxf2+ 37. Kxf2 a4 0-1

[Event "SR 3. liga A2 2006/2007"]
[Site "?"]
[Date "2007.02.11"]
[Round "8"]
[White "Feranec, Milan"]
[Black "Palka, Miroslav"]
[Result "1-0"]
[WhiteElo "1890"]
[BlackElo "2055"]
[Annotator "Senica B - Vrbové  /2/"]
[PlyCount "109"]
[EventDate "2006.??.??"]

1. Nf3 c5 2. b3 Nf6 3. Bb2 Nc6 4. c4 g6 5. d3 Bg7 6. Nbd2 O-O 7. e3 d5 8. Be2
Re8 9. a3 e5 10. Qc2 b6 11. cxd5 Qxd5 12. O-O Ba6 13. Rfd1 Qd7 14. Ne1 Rad8 15.
Ne4 Nd5 16. Rac1 f5 17. Nc3 Nce7 18. Bf3 Nxc3 19. Bxc3 Nd5 20. Ba1 Qe7 21. g3
Nf6 22. Bc6 Rf8 23. a4 Rd6 24. Bg2 Rfd8 25. Bf1 Bb7 26. h3 f4 27. e4 fxg3 28.
fxg3 Nh5 29. Kh2 Qg5 30. Qg2 Rf8 31. Nf3 Qe3 32. Be2 Re6 33. Rf1 a6 34. Bc3
Nxg3 35. Kxg3 Qf4+ 36. Kf2 Bh6 37. Kg1 g5 38. Bd2 Qf7 39. Nxe5 Qg7 40. Rxf8+
Kxf8 41. Ng4 Bc8 42. Bc3 Qe7 43. Rf1+ Ke8 44. Nf6+ Kd8 45. Nd5 Qd6 46. Bg4 Rg6
47. e5 Qc6 48. Bxc8 Qxc8 49. Nf6 g4 50. h4 Be3+ 51. Kh1 Rh6 52. h5 Qe6 53. Qa8+
Kc7 54. Kg2 b5 55. Ba5+ 1-0

[Event "SR 3. liga A2 2006/2007"]
[Site "?"]
[Date "2007.02.11"]
[Round "8"]
[White "Sebesta, Radovan"]
[Black "Krchnak, Rudolf"]
[Result "1-0"]
[WhiteElo "2057"]
[BlackElo "1950"]
[Annotator "Senica B - Vrbové  /3/"]
[PlyCount "65"]
[EventDate "2006.??.??"]

1. d4 Nf6 2. c4 e5 3. dxe5 Ng4 4. Nf3 Bc5 5. e3 Nc6 6. a3 a5 7. Be2 O-O 8. O-O
Ngxe5 9. Nc3 Re8 10. b3 d6 11. Bb2 Bg4 12. Nxe5 Bxe2 13. Nxc6 Bxd1 14. Nxd8
Bxb3 15. Nxb7 Bb6 16. Nd5 Bxc4 17. Nxb6 Bxf1 18. Nxa8 Rxa8 19. Kxf1 Rb8 20. Bc3
Rxb7 21. Bxa5 Kf8 22. a4 Ke7 23. Bc3 f6 24. a5 Kd7 25. Ke2 c5 26. Kd3 d5 27.
Kc2 Ra7 28. Rb1 h6 29. Rb6 Kc7 30. Kb3 Rb7 31. Rxb7+ Kxb7 32. Ka4 Ka6 33. g4
1-0

[Event "SR 3. liga A2 2006/2007"]
[Site "?"]
[Date "2007.02.11"]
[Round "8"]
[White "Smrek, Peter"]
[Black "Skapikova, Lubica"]
[Result "0-1"]
[WhiteElo "1964"]
[BlackElo "2013"]
[Annotator "Senica B - Vrbové  /4/"]
[PlyCount "138"]
[EventDate "2006.??.??"]

1. e4 e5 2. Nf3 Nc6 3. Nc3 Bc5 4. Bc4 Nf6 5. d3 d6 6. h3 h6 7. Na4 Bb6 8. Nxb6
axb6 9. a3 O-O 10. O-O Re8 11. Nh2 Be6 12. Bb5 Re7 13. Bxc6 bxc6 14. f4 exf4
15. Bxf4 Nh7 16. Qf3 Nf8 17. Ng4 Bxg4 18. Qxg4 Ng6 19. Bg3 Qd7 20. Qxd7 Rxd7
21. Rae1 Ne5 22. Re3 c5 23. c3 f6 24. Bxe5 dxe5 25. Kf2 b5 26. Rd1 b4 27. cxb4
cxb4 28. axb4 Rb8 29. Re2 Rxb4 30. Ke3 Kf7 31. Rc2 Ke7 32. Rdd2 Rb5 33. Rc4 c5
34. Rdc2 Kd6 35. Ra4 Rdb7 36. Ra6+ Ke7 37. Rc6 Rxb2 38. R6xc5 Rxc2 39. Rxc2 Rd7
40. Rc4 $11 Ke6 41. g4 Ra7 42. Rc6+ Kd7 43. Rb6 Rc7 44. Rb2 Kd6 45. Rb6+ Ke7
46. Rb2 Kf7 47. h4 Kg6 48. Rd2 Rc1 49. Rg2 Rh1 50. h5+ Kg5 51. Kf3 Rf1+ 52. Ke3
Rf4 53. d4 exd4+ 54. Kxd4 Rxg4 55. Rh2 f5 56. Kd5 Rxe4 57. Rg2+ Rg4 58. Rh2 Rg1
59. Ke6 Kg4 60. Kf7 Kf3 61. Rh3+ Ke4 62. Ra3 f4 63. Ra6 f3 64. Rg6 f2 65. Kxg7
Rxg6+ 66. Kxg6 Ke5 67. Kxh6 Kf6 68. Kh7 Kf7 69. h6 f1=Q 0-1

[Event "SR 3. liga A2 2006/2007"]
[Site "?"]
[Date "2007.02.11"]
[Round "8"]
[White "Zisek, Jaroslav"]
[Black "Lanyi, Frantisek"]
[Result "1/2-1/2"]
[WhiteElo "1946"]
[BlackElo "1629"]
[Annotator "Senica B - Vrbové  /5/"]
[PlyCount "42"]
[EventDate "2006.??.??"]

1. c4 e5 2. Nc3 Nf6 3. g3 Bb4 4. Bg2 Bxc3 5. bxc3 c6 6. e4 O-O 7. Ne2 d6 8. h3
Be6 9. d3 h6 10. O-O c5 11. f4 exf4 12. Nxf4 Nc6 13. Be3 Ne5 14. Nd5 Bxd5 15.
cxd5 Qe7 16. Qd2 Nh7 17. Rf2 f6 18. Raf1 b5 19. Bf4 a5 20. Kh2 b4 21. c4 a4 $11
1/2-1/2

[Event "SR 3. liga A2 2006/2007"]
[Site "?"]
[Date "2007.02.11"]
[Round "8"]
[White "Podjavorinsky, Peter"]
[Black "Palka, Martin"]
[Result "1-0"]
[WhiteElo "1704"]
[BlackElo "1901"]
[Annotator "Senica B - Vrbové  /6/"]
[PlyCount "72"]
[EventDate "2006.??.??"]

1. e4 c5 2. Nf3 d6 3. d4 cxd4 4. Nxd4 Nf6 5. Nc3 a6 6. Bd3 e6 7. Be3 Be7 8. O-O
Nc6 9. Nb3 O-O 10. f4 Nb4 11. Be2 Re8 12. a3 Nc6 13. Bf3 Qc7 14. Qe1 Na5 15.
Nxa5 Qxa5 16. Rd1 Qc7 17. Qf2 Bd7 18. Bb6 Qc8 19. e5 dxe5 20. fxe5 Nd5 21. Bxd5
exd5 22. Qxf7+ Kh8 23. Nxd5 Bc5+ 24. Kh1 Be6 25. Qc7 Bxd5 26. Rxd5 Bxb6 27.
Qxb6 Qxc2 28. Rfd1 Qc8 29. Rd7 Rb8 30. Qd4 Qc2 31. e6 Qg6 32. e7 Qe6 33. Qd6
Qxd6 34. R1xd6 Kg8 35. Rd8 Kf7 36. Rxb8 Rxe7 1-0

[Event "SR 3. liga A2 2006/2007"]
[Site "?"]
[Date "2007.02.11"]
[Round "8"]
[White "Fidericky, Milan"]
[Black "Lajda, Dusan"]
[Result "1/2-1/2"]
[WhiteElo "1888"]
[BlackElo "1737"]
[Annotator "Senica B - Vrbové  /7/"]
[PlyCount "51"]
[EventDate "2006.??.??"]

1. e4 c5 2. e5 Nc6 3. f4 d6 4. Bb5 Bd7 5. exd6 exd6 6. Nf3 Nf6 7. O-O Be7 8. d4
cxd4 9. Bxc6 bxc6 10. Qxd4 O-O 11. Nc3 Bf5 12. Qa4 Qc7 13. Nd4 Bd7 14. Qa6 d5
15. Re1 Bc5 16. Nce2 Rfe8 17. c3 Re7 18. Bd2 Rae8 19. g3 Bb6 20. Kg2 Ne4 21.
Qd3 Qc8 22. Ng1 Nc5 23. Qf1 Ne4 24. Qd3 Nc5 25. Qf1 Ne4 26. Qd3 1/2-1/2

[Event "SR 3. liga A2 2006/2007"]
[Site "?"]
[Date "2007.02.11"]
[Round "8"]
[White "Bjel, Jan"]
[Black "Havlicek, Peter"]
[Result "1/2-1/2"]
[WhiteElo "1350"]
[BlackElo "1715"]
[Annotator "Senica B - Vrbové  /8/"]
[PlyCount "71"]
[EventDate "2006.??.??"]

1. e4 e5 2. Nf3 d6 3. d4 exd4 4. Nxd4 Nf6 5. Nc3 Be7 6. Bd3 O-O 7. O-O c6 8.
Re1 Nbd7 9. Nf5 Ne5 10. Bf4 Nfd7 11. Be2 Nc5 12. Bxe5 dxe5 13. Qxd8 Bxd8 14. a3
Bxf5 15. exf5 Bc7 16. Rad1 Rad8 17. b4 Nd7 18. Rd3 Nf6 19. Red1 Rxd3 20. Rxd3
Rd8 21. Rxd8+ Bxd8 22. g4 h6 23. h3 Bb6 24. Bd3 Nd5 25. Nxd5 cxd5 26. Kf1 Kf8
27. f3 Ke7 28. c4 dxc4 29. Bxc4 Bd4 30. Bd5 b6 31. a4 f6 32. a5 Kd6 33. Bc4 Kc6
34. axb6 Kxb6 35. b5 Kc5 36. Bd3 1/2-1/2

[Event "SR 3. liga A2 2006/2007"]
[Site "?"]
[Date "2007.02.11"]
[Round "8"]
[White "Vass, Frantisek"]
[Black "Pribila, Gerhard"]
[Result "1-0"]
[WhiteElo "2352"]
[BlackElo "2022"]
[Annotator "Galanta - Gbely  /1/"]
[PlyCount "59"]
[EventDate "2006.??.??"]

1. d4 f5 2. Nf3 Nf6 3. g3 e6 4. Bg2 Be7 5. O-O O-O 6. c4 Ne4 7. Nc3 d5 8. Qb3
c6 9. Ne5 Bf6 10. cxd5 exd5 11. Nxe4 fxe4 12. Bxe4 Qb6 13. Qxb6 axb6 14. Bg2
Na6 15. Bd2 Nc7 16. e3 Bf5 17. Rfc1 Bxe5 18. dxe5 Rfe8 19. f4 Ne6 20. b4 b5 21.
a3 Ra6 22. Bc3 Nf8 23. h3 g6 24. g4 Be6 25. Rf1 Bc8 26. f5 h6 27. e4 dxe4 28.
Bxe4 g5 29. Bc2 Nd7 30. Bb3+ 1-0

[Event "SR 3. liga A2 2006/2007"]
[Site "?"]
[Date "2007.02.11"]
[Round "8"]
[White "Jozefovic, Milan"]
[Black "Farkas, Gabor"]
[Result "0-1"]
[WhiteElo "1956"]
[BlackElo "2240"]
[Annotator "Galanta - Gbely  /2/"]
[PlyCount "62"]
[EventDate "2006.??.??"]

1. e4 c5 2. Nc3 Nc6 3. Nf3 e5 4. d3 Nf6 5. Bg5 Be7 6. Bxf6 Bxf6 7. Nd5 d6 8.
Be2 Be6 9. c4 O-O 10. O-O Rb8 11. a4 a5 12. Qd2 Be7 13. h3 f5 14. Nc3 f4 15.
Bd1 g5 16. Nh2 Nd4 17. Ne2 Nc6 18. f3 h5 19. Kh1 Rf6 20. g4 Qf8 21. Rg1 Rh6 22.
Kg2 Kg7 23. Bc2 Qf6 24. Rh1 Rbh8 25. Rag1 Kf8 26. Qe1 R8h7 27. b3 Qh8 28. Bb1
hxg4 29. Nxg4 Bxg4 30. hxg4 Rh2+ 31. Rxh2 Rxh2+ 0-1

[Event "SR 3. liga A2 2006/2007"]
[Site "?"]
[Date "2007.02.11"]
[Round "8"]
[White "Nagy, Tomas"]
[Black "Kocak, Branislav"]
[Result "1-0"]
[WhiteElo "2125"]
[BlackElo "1774"]
[Annotator "Galanta - Gbely  /3/"]
[PlyCount "111"]
[EventDate "2006.??.??"]

1. d4 Nf6 2. Nf3 e6 3. Bg5 d5 4. e3 c5 5. c3 Nbd7 6. Nbd2 Be7 7. Bd3 h6 8. Bh4
Qc7 9. O-O O-O 10. Rc1 c4 11. Bb1 Bd6 12. Qc2 g5 13. Bg3 e5 14. dxe5 Nxe5 15.
Nxe5 Bxe5 16. f4 gxf4 17. exf4 Bd6 18. Bh4 Ne4 19. Nxe4 dxe4 20. Qxe4 f5 21.
Qd5+ Kh7 22. Rce1 Qc5+ 23. Qxc5 Bxc5+ 24. Kh1 Kg7 25. Be7 Bxe7 26. Rxe7+ Rf7
27. Rfe1 Bd7 28. R1e5 Raf8 29. Kg1 Rxe7 30. Rxe7+ Rf7 31. Re5 Kf6 32. Kf2 Be6
33. Bc2 Rd7 34. Ke3 b6 35. Ke2 Rg7 36. Kf3 Rd7 37. Re2 Bd5+ 38. Kg3 Rg7+ 39.
Kh3 Rd7 40. Rd2 Be6 41. Rxd7 Bxd7 42. Kh4 Bc6 43. g3 Bf3 44. h3 h5 45. Ba4 Kg6
46. Bb5 Be2 47. a3 a5 48. b3 Bd1 49. Bxc4 Bf3 50. Bb5 Bd1 51. b4 axb4 52. axb4
Bf3 53. c4 Be2 54. Be8+ Kh6 55. c5 bxc5 56. bxc5 1-0

[Event "SR 3. liga A2 2006/2007"]
[Site "?"]
[Date "2007.02.11"]
[Round "8"]
[White "Zajicek, Ferdinand"]
[Black "Csiba, Dominik"]
[Result "0-1"]
[WhiteElo "1753"]
[BlackElo "2070"]
[Annotator "Galanta - Gbely  /4/"]
[PlyCount "44"]
[EventDate "2006.??.??"]

1. e4 c5 2. Nf3 Nc6 3. Nc3 Nf6 4. Bc4 e6 5. a3 d5 6. exd5 exd5 7. Ba2 Be6 8.
Qe2 Be7 9. h3 O-O 10. O-O Re8 11. d3 Bd6 12. Bg5 h6 13. Bh4 g5 14. Bg3 Bxg3 15.
fxg3 d4 16. Ne4 Bxa2 17. Rxa2 Nxe4 18. dxe4 Qe7 19. Nd2 Rad8 20. Raa1 Qe5 21.
Kh2 Rd7 22. Rf5 Qxf5 0-1

[Event "SR 3. liga A2 2006/2007"]
[Site "?"]
[Date "2007.02.11"]
[Round "8"]
[White "Merva, Frantisek"]
[Black "Papanek, Lubomir"]
[Result "1-0"]
[WhiteElo "2059"]
[BlackElo "1684"]
[Annotator "Galanta - Gbely  /5/"]
[PlyCount "75"]
[EventDate "2006.??.??"]

1. d4 d5 2. Nf3 c6 3. c3 Nf6 4. Qc2 e6 5. Bg5 Be7 6. Nbd2 Nbd7 7. e3 b6 8. Be2
Bb7 9. O-O c5 10. a4 a6 11. h3 h6 12. Bh4 O-O 13. Bg3 Ne8 14. e4 dxe4 15. Nxe4
Bxe4 16. Qxe4 Ndf6 17. Qc2 Nh5 18. Bh2 Bd6 19. Rfd1 Qc7 20. Qe4 Nef6 21. Bxd6
Qxd6 22. dxc5 Qxd1+ 23. Rxd1 Nxe4 24. cxb6 Nf4 25. Bc4 Rfd8 26. Rxd8+ Rxd8 27.
a5 Rd1+ 28. Kh2 Nd3 29. b7 Ndxf2 30. b8=Q+ Kh7 31. Ng1 h5 32. Be2 Re1 33. Bf3
Nd2 34. Be2 h4 35. Qf4 Nde4 36. Qxh4+ Kg8 37. Qd8+ Kh7 38. Bf3 1-0

[Event "SR 3. liga A2 2006/2007"]
[Site "?"]
[Date "2007.02.11"]
[Round "8"]
[White "Kastler, Peter"]
[Black "Danis, Jozef"]
[Result "0-1"]
[WhiteElo "1657"]
[BlackElo "1756"]
[Annotator "Galanta - Gbely  /6/"]
[PlyCount "68"]
[EventDate "2006.??.??"]

1. d4 d5 2. c4 e6 3. Nc3 Bb4 4. Nf3 Nf6 5. cxd5 Qxd5 6. Bd2 Bxc3 7. bxc3 O-O 8.
g3 e5 9. Bg2 e4 10. Ne5 Nc6 11. f4 Rd8 12. O-O Nxd4 13. cxd4 Qxd4+ 14. Kh1 Qxd2
15. Qb3 Be6 16. Qxb7 Rab8 17. Qxc7 Rdc8 18. Qxa7 Rb2 19. Rfe1 Rxa2 20. Qb7 h6
21. Rad1 Qe3 22. Bf1 Rac2 23. f5 R2c7 24. Rd8+ Kh7 25. Ng6 fxg6 26. fxg6+ Kxg6
27. Qb1 Rxd8 28. Bg2 Rd4 29. Bf3 Bf5 30. h4 exf3 31. h5+ Nxh5 32. Qb6+ Kh7 33.
Qxc7 Qf2 34. Rg1 Rd1 0-1

[Event "SR 3. liga A2 2006/2007"]
[Site "?"]
[Date "2007.02.11"]
[Round "8"]
[White "Lancz, Jozef"]
[Black "Brunovsky, Peter"]
[Result "1/2-1/2"]
[WhiteElo "1350"]
[BlackElo "1649"]
[Annotator "Galanta - Gbely  /7/"]
[PlyCount "79"]
[EventDate "2006.??.??"]

1. e4 c6 2. d4 d5 3. Nc3 dxe4 4. Nxe4 Nf6 5. Ng3 e6 6. Nf3 c5 7. Bb5+ Bd7 8.
Bxd7+ Nbxd7 9. O-O Be7 10. c3 O-O 11. Qe2 Qc7 12. h3 Bd6 13. Ne4 Nxe4 14. Qxe4
Nf6 15. Qe2 Rac8 16. Be3 Rfd8 17. dxc5 Bxc5 18. Bxc5 Qxc5 19. Rad1 Qa5 20.
Rxd8+ Rxd8 21. Rd1 Kf8 22. Rxd8+ Qxd8 23. Qd2 Qxd2 24. Nxd2 Ke7 25. f3 Nd5 26.
Kf2 Nf4 27. b3 Nd5 28. Nb1 f5 29. g3 g5 30. c4 Nb4 31. Nc3 h5 32. f4 g4 33. h4
Kd7 34. Ke2 a6 35. Kd2 Kd6 36. a3 Nc6 37. Ne2 e5 38. fxe5+ Kxe5 39. Ke3 Na5 40.
Nc1 1/2-1/2

[Event "SR 3. liga A2 2006/2007"]
[Site "?"]
[Date "2007.02.11"]
[Round "8"]
[White "Drska, Michal"]
[Black "Lancz, Frantisek"]
[Result "0-1"]
[WhiteElo "1350"]
[BlackElo "1350"]
[Annotator "Galanta - Gbely  /8/"]
[PlyCount "132"]
[EventDate "2006.??.??"]

1. e4 e5 2. Nf3 Nc6 3. d4 exd4 4. Nxd4 Nxd4 5. Qxd4 d6 6. Nc3 Nf6 7. Be2 Be7 8.
O-O O-O 9. Bg5 Re8 10. Bd3 c6 11. f3 b6 12. Qf2 d5 13. Qh4 dxe4 14. fxe4 Ng4
15. Bxe7 Rxe7 16. e5 g6 17. Rae1 Qd4+ 18. Kh1 Rxe5 19. Rxe5 Qxe5 20. Re1 Qf6
21. Re8+ Kg7 22. Qxf6+ Nxf6 23. Re7 Be6 24. b3 Nd5 25. Nxd5 Bxd5 26. c4 Be6 27.
h3 a6 28. Be4 Rc8 29. Rb7 b5 30. cxb5 axb5 31. Rb6 Bd7 32. Rb7 Be8 33. a4 bxa4
34. bxa4 Ra8 35. Rb6 Rxa4 36. Bxc6 Bxc6 37. Rxc6 h5 38. Kg1 Kh6 39. Rf6 Ra7 40.
h4 Kg7 41. Rf4 f6 42. Rf3 Ra4 43. g3 Ra2 44. Re3 Kf7 45. Rc3 Ke6 46. Rf3 Ke5
47. Rb3 Kf5 48. Rb4 g5 49. hxg5 fxg5 50. Rc4 Re2 51. Kf1 Re4 52. Rc5+ Kg4 53.
Rd5 Re3 54. Kf2 Rf3+ 55. Ke1 Rxg3 56. Rd4+ Kh3 57. Kf2 h4 58. Rd1 Rg2+ 59. Kf3
g4+ 60. Kf4 Rf2+ 61. Kg5 Ra2 62. Rh1+ Rh2 63. Rg1 g3 64. Re1 Kg2 65. Kg4 Kf2
66. Ra1 g2 0-1

[Event "SR 3. liga A2 2006/2007"]
[Site "?"]
[Date "2007.02.11"]
[Round "8"]
[White "Janko, Ladislav"]
[Black "Hecko, Dusan"]
[Result "1-0"]
[WhiteElo "2180"]
[BlackElo "2142"]
[Annotator "Gabcíkovo - Osuské B  /1/"]
[PlyCount "57"]
[EventDate "2006.??.??"]

1. e4 c6 2. d4 d5 3. e5 Bf5 4. Nc3 e6 5. g4 Bg6 6. Nge2 h6 7. Be3 Qb6 8. Qd2
Qxb2 9. Rb1 Qxc2 10. Rxb7 Nd7 11. Nf4 Qxd2+ 12. Kxd2 Bh7 13. Ba6 Rb8 14. Rxa7
Rb2+ 15. Kd1 Be7 16. Re1 Bg5 17. Re2 Rb8 18. Kc1 Ne7 19. Rb2 Rxb2 20. Kxb2 Nb8
21. a4 O-O 22. Bb7 Rd8 23. a5 c5 24. Ra8 cxd4 25. Bxd4 Bxf4 26. a6 f6 27. a7
Bxe5 28. Bxe5 fxe5 29. Rxb8 1-0

[Event "SR 3. liga A2 2006/2007"]
[Site "?"]
[Date "2007.02.11"]
[Round "8"]
[White "Pagerka, Martin"]
[Black "Sulek, Viliam"]
[Result "1/2-1/2"]
[WhiteElo "1966"]
[BlackElo "2202"]
[Annotator "Gabcíkovo - Osuské B  /2/"]
[PlyCount "88"]
[EventDate "2006.??.??"]

1. e4 c5 2. Nf3 Nc6 3. d4 cxd4 4. Nxd4 Nf6 5. Nc3 d6 6. Bc4 e6 7. Bb3 Be7 8.
Be3 O-O 9. Qe2 Bd7 10. O-O-O Nxd4 11. Bxd4 Qa5 12. e5 dxe5 13. Qxe5 Qxe5 14.
Bxe5 Bc6 15. f3 Rfd8 16. Bc7 Rxd1+ 17. Rxd1 Rc8 18. Bd6 Kf8 19. Bxe7+ Kxe7 20.
Ne2 Nd5 21. Bxd5 Bxd5 22. b3 g5 23. c4 b5 24. Nc3 bxc4 25. b4 Rd8 26. a4 f5 27.
Rd4 h5 28. h3 Kf6 29. b5 Ke5 30. Rd2 h4 31. a5 Rg8 32. a6 g4 33. hxg4 fxg4 34.
fxg4 Rxg4 35. Kc2 Kd6 36. Kb2 Rxg2 37. Ne4+ Kc7 38. Rxg2 Bxe4 39. Rh2 Kb6 40.
Rxh4 Bd5 41. Rh7 Kxb5 42. Rxa7 Kb6 43. Rh7 Kxa6 44. Kc3 Kb5 1/2-1/2

[Event "SR 3. liga A2 2006/2007"]
[Site "?"]
[Date "2007.02.11"]
[Round "8"]
[White "Janko, Michal"]
[Black "Diviak, Rastislav"]
[Result "1-0"]
[WhiteElo "2083"]
[BlackElo "1958"]
[Annotator "Gabcíkovo - Osuské B  /3/"]
[PlyCount "71"]
[EventDate "2006.??.??"]

1. d4 Nf6 2. c4 g6 3. Nc3 Bg7 4. e4 d6 5. f3 O-O 6. Nge2 e5 7. Bg5 c6 8. Qd2
Nbd7 9. d5 c5 10. g4 a6 11. Ng3 Qa5 12. h4 Rb8 13. a4 Rd8 14. Bd3 Nf8 15. Ke2
Bd7 16. h5 Qb4 17. Nf5 gxf5 18. gxf5 b5 19. Rag1 Ng6 20. hxg6 bxc4 21. Bc2 Qxb2
22. Bxf6 Bxf6 23. gxh7+ Kh8 24. Rg8+ Rxg8 25. hxg8=Q+ Kxg8 26. Rb1 Qxb1 27.
Nxb1 Rb4 28. Nc3 Kf8 29. Qh6+ Ke7 30. Qc1 Rb8 31. Nd1 Rg8 32. Ne3 Bg5 33. Qb1
Rh8 34. Ng4 a5 35. Kf2 Rh4 36. Kg2 1-0

[Event "SR 3. liga A2 2006/2007"]
[Site "?"]
[Date "2007.02.11"]
[Round "8"]
[White "Pericka, Tomas"]
[Black "Puobis, Jozef"]
[Result "0-1"]
[WhiteElo "1913"]
[BlackElo "2043"]
[Annotator "Gabcíkovo - Osuské B  /4/"]
[PlyCount "77"]
[EventDate "2006.??.??"]

1. e4 e5 2. f4 exf4 3. Nf3 h6 4. Bc4 d6 5. Nc3 c6 6. d4 g5 7. O-O Bg7 8. Kh1
Ne7 9. Bd2 O-O 10. Ne2 Be6 11. Bd3 f5 12. e5 dxe5 13. dxe5 c5 14. b3 Nbc6 15.
Bxf4 gxf4 16. Nxf4 Bf7 17. Qe1 Qc7 18. Qg3 Nb4 19. Bc4 Nbd5 20. Nxd5 Bxd5 21.
Bxd5+ Nxd5 22. Rae1 f4 23. Qh3 Ne3 24. Rf2 Qc6 25. e6 Qe4 26. Nd2 Qd4 27. e7
Rf7 28. Qe6 Qe5 29. Qh3 Rxe7 30. Nc4 Qc3 31. Rfe2 Rd8 32. Qf3 Nd5 33. Rxe7 Nxe7
34. Qe4 Nc6 35. Rf1 Qf6 36. h3 Rd4 37. Qe8+ Qf8 38. Qg6 Qf7 39. Qh5 0-1

[Event "SR 3. liga A2 2006/2007"]
[Site "?"]
[Date "2007.02.11"]
[Round "8"]
[White "Kantor, Reka"]
[Black "Hanzluvka, Peter"]
[Result "0-1"]
[WhiteElo "1786"]
[BlackElo "2042"]
[Annotator "Gabcíkovo - Osuské B  /5/"]
[PlyCount "108"]
[EventDate "2006.??.??"]

1. Nf3 c5 2. c4 Nf6 3. b3 Nc6 4. Bb2 d6 5. g3 g6 6. Nc3 Bg7 7. Nd5 O-O 8. Nxf6+
Bxf6 9. Bxf6 exf6 10. Bg2 Re8 11. O-O Bf5 12. d4 d5 13. e3 dxc4 14. bxc4 cxd4
15. Nxd4 Be4 16. Qd2 Bxg2 17. Kxg2 Rc8 18. Rac1 Ne5 19. Qe2 Qd7 20. Nb5 Nxc4
21. Nxa7 Qd5+ 22. Qf3 Qxf3+ 23. Kxf3 Ne5+ 24. Kg2 Ra8 25. Nb5 Rxa2 26. Nc3 Rb2
27. Rb1 Rc2 28. Rfc1 Rxc1 29. Rxc1 Rc8 30. Ne2 Rxc1 31. Nxc1 g5 32. Nb3 g4 33.
h3 h5 34. hxg4 hxg4 35. Kf1 Kf8 36. Ke2 Ke7 37. Kd2 Kd6 38. e4 Kc6 39. Ke3 Kb5
40. Kf4 Kb4 41. Nd4 Kc4 42. Nc2 b5 43. Kf5 Kc3 44. Ne3 Kd4 45. Nd5 Nd3 46. Kxg4
Nxf2+ 47. Kf4 Nxe4 48. Nb4 Nd6 49. g4 Kc4 50. Na2 b4 51. Nxb4 Kxb4 52. g5 fxg5+
53. Kxg5 Ne8 54. Kf5 Kc5 0-1

[Event "SR 3. liga A2 2006/2007"]
[Site "?"]
[Date "2007.02.11"]
[Round "8"]
[White "Karlik, Lukas"]
[Black "Bott, Tamas"]
[Result "1-0"]
[WhiteElo "1842"]
[BlackElo "1902"]
[Annotator "Gabcíkovo - Osuské B  /6/"]
[PlyCount "103"]
[EventDate "2006.??.??"]

1. d4 Nf6 2. c4 e5 3. dxe5 Ng4 4. Nf3 Bc5 5. e3 Nc6 6. a3 Ngxe5 7. Nxe5 Nxe5 8.
Qd5 Qe7 9. b4 Bb6 10. c5 c6 11. Qd4 Bc7 12. Be2 O-O 13. Bb2 f6 14. f4 Ng6 15.
Nd2 Re8 16. Nc4 Bxf4 17. O-O-O Bxe3+ 18. Nxe3 Qxe3+ 19. Qxe3 Rxe3 20. Bc4+ Kf8
21. Rhe1 Rxe1 22. Rxe1 b5 23. cxb6 axb6 24. Bd4 d5 25. Bb3 Rxa3 26. Kb2 Ra8 27.
Bxb6 Ne5 28. Kc3 Be6 29. Bd4 Ra3 30. b5 cxb5 31. Bc5+ Kf7 32. Bxa3 d4+ 33. Kc2
d3+ 34. Kc3 Nc4 35. Rxe6 Kxe6 36. Kxd3 Kf5 37. Bxc4 bxc4+ 38. Kxc4 h5 39. Kd4
g5 40. Bd6 Kg4 41. Ke3 f5 42. Kf2 h4 43. Bb8 Kh5 44. Kf3 Kg6 45. Ke3 Kf6 46.
Kd4 Ke6 47. Bc7 Kf6 $11 48. Kd5 f4 49. Ke4 Kg6 50. Bxf4 gxf4 51. Kxf4 h3 52. g4
1-0